01294nam a22002658a 45000050016000000080041000160100014000570200027000710350013000980370015001110400018001260820016001441000015001602450096001752600037002712700081003083000028003895040061004175050289004786500024007676500041007919420030008329990017008629520149008792009063008028.0080929s2008 cau b 001 0 eng  aENG-94291 a9788178298757 c395.00 aEN-77824 bDBAD / PUB adplbEnglish  a650.0151954 aIsrael, D. aData analysis in business research :ba step-by-step nonparametric approach /cby D. Israel aNew Delhi bResponse Booksc2008 aB I/I-1 Mohan Cooprative Industrial Area, Mathura Road, bNew Delhi e110044 axxxii, 281p.c25cm(pbk) aIncludes glossary, bibliographical references and index. aOne-sample tests -- Two-independent samples tests -- Two-related samples tests -- K-related samples tests -- K-independent samples tests -- Measures of correlation and association -- Tests of interaction and multiple comparison -- Multivariate nonparametric tests for interdependence. aBusinessxResearch. aBusinessxResearchxData processing. 2ddccENh650.0151954mISR c27985d27985 00102ddc40718NFICaDBADbDBADd2009-06-30eDBAD / PUBg395.00l0o650.0151954 ISRpEN-77824r2009-06-30 00:00:00t1v395.00w2009-06-30yEN